000
00351nam a2200133Ia 4500
008
230411s9999 xx 000 0 und d
041
_a
eng
082
_a
B/612.014/INA/B04504
100
_a
Inamdar Madhuri
245
_a
Applied Physics in Nursing
260
_b
Vora Medical Publications
_a
Mumbai
_c
2001
300
_a
69p
999
_c
155153
_d
155153